Statistics for Heaviest US Presidents

Click here to take the quiz!

General Stats

  • This quiz has been taken 58 times
  • The average score is 8 of 11

Answer Stats

WeightBMIPresident% Correct
24530.0Donald Trump
91%
33242.3William Howard Taft
85%
23730.2Theodore Roosevelt
83%
27534.6Grover Cleveland
80%
22027.7Herbert Hoover
76%
20327.2John Quincy Adams
74%
23428.3William "Bill" Clinton
69%
23331.1William McKinley
65%
23828.7Chester A. Arthur
61%
21726.9James Buchanan
59%
23030.2Zachary Taylor
52%

Score Distribution

Percentile by Number Answered

Percent of People with Each Score

Your Score History

You have not taken this quiz